Bài tập lập trình pascal

में बचाया:
ग्रंथसूची विवरण
मुख्य लेखक: Hoàng, Ngọc Bắc
स्वरूप: पुस्तक
भाषा:Undetermined
प्रकाशित: Hà Nội Khoa học và kỹ thuật 2004
विषय:
टैग : टैग जोड़ें
कोई टैग नहीं, इस रिकॉर्ड को टैग करने वाले पहले व्यक्ति बनें!
Thư viện lưu trữ: Trung tâm Học liệu Trường Đại học Cần Thơ
LEADER 00602nam a2200205Ia 4500
001 CTU_64005
008 210402s9999 xx 000 0 und d
020 |c 38000 
082 |a 005.133 
082 |b B113 
100 |a Hoàng, Ngọc Bắc 
245 0 |a Bài tập lập trình pascal 
245 0 |c Hoàng Ngọc Bắc 
260 |a Hà Nội 
260 |b Khoa học và kỹ thuật 
260 |c 2004 
650 |a pascal ( computer program language ) 
650 |x problems,exercises,Etc 
904 |i Trọng Hải 
980 |a Trung tâm Học liệu Trường Đại học Cần Thơ